Federal crime and centre-state relations in India: problem and prognosis (Record no. 495211)

000 -LEADER
fixed length control field 00434cam a22001217a 4500
008 - FIXED-LENGTH DATA ELEMENTS--GENERAL INFORMATION
fixed length control field 180718b2009 xxu||||| |||| 00| 0 eng d
082 ## - DEWEY DECIMAL CLASSIFICATION NUMBER
Classification number APPPA 2008-09/KHA
100 ## - MAIN ENTRY--PERSONAL NAME
Personal name Kharkwal, Amitabh
245 ## - TITLE STATEMENT
Title Federal crime and centre-state relations in India: problem and prognosis
Statement of responsibility, etc. by Amitabh Kharkwal
260 ## - PUBLICATION, DISTRIBUTION, ETC.
Place of publication, distribution, etc. New Delhi
Name of publisher, distributor, etc. Indian Institute of Public Administration
Date of publication, distribution, etc. 2009
300 ## - PHYSICAL DESCRIPTION
Extent 170p.
650 ## - SUBJECT ADDED ENTRY--TOPICAL TERM
Topical term or geographic name entry element Federal - State relations - India
Holdings
Withdrawn status Lost status Damaged status Not for loan Permanent Location Current Location Date acquired Full call number Barcode Date last seen Price effective from Koha item type
        Indian Institute of Public Administration Indian Institute of Public Administration 2018-08-04 APPPA 2008-09/KHA GR18363 2018-08-04 2018-08-04 GR

Powered by Koha